skbl

Dr Suryya Kumar Bhuyan Library Web-OPAC
ডঃ সূৰ্য্য
কুমাৰ ভূঞা পুথিভঁৰাল ৱেব-অ'পেক

All Research Scholars are advised to clear the annual library fees to continue using Library Resources, Remote Access, Plagiarism Test and Library Clearance.

Cotton University Book Fair 2026

Documents of Modern Political Thought / (Record no. 11065)

MARC details
000 -LEADER
fixed length control field 00771nam a2200277Ia 4500
001 - CONTROL NUMBER
control field 11078
005 - DATE AND TIME OF LATEST TRANSACTION
control field 20240113235254.0
007 - PHYSICAL DESCRIPTION FIXED FIELD--GENERAL INFORMATION
fixed length control field ta
008 - FIXED-LENGTH DATA ELEMENTS--GENERAL INFORMATION
fixed length control field 050808s1957 g b000 u eng u
040 ## - CATALOGING SOURCE
Original cataloging agency Cotton College,Assam
041 ## - LANGUAGE CODE
Language code of text/sound track or separate title eng
082 ## - DEWEY DECIMAL CLASSIFICATION NUMBER
Classification number 320.9
Item number Ut 4 D
100 ## - MAIN ENTRY--PERSONAL NAME
Personal name Utley, T.E..
245 #0 - TITLE STATEMENT
Title Documents of Modern Political Thought /
Statement of responsibility, etc. T.E.Utley, J.Stuart Maclure.
Medium Textual Documents
250 ## - EDITION STATEMENT
Edition statement 1st ed. /
260 ## - PUBLICATION, DISTRIBUTION, ETC.
Place of publication, distribution, etc. Cambridge :
Name of publisher, distributor, etc. At The University Press ,
Date of publication, distribution, etc. 1957.
300 ## - PHYSICAL DESCRIPTION
Extent 275p. ;
Dimensions 21cm.
504 ## - BIBLIOGRAPHY, ETC. NOTE
Bibliography, etc. note Index
653 ## - INDEX TERM--UNCONTROLLED
Uncontrolled term Political Science-Modern Politics
653 ## - INDEX TERM--UNCONTROLLED
Uncontrolled term Politics-Modern
653 ## - INDEX TERM--UNCONTROLLED
Uncontrolled term MS-Political Science
700 ## - ADDED ENTRY--PERSONAL NAME
Personal name Maclure, J. Stuart .
942 ## - ADDED ENTRY ELEMENTS (KOHA)
Source of classification or shelving scheme Dewey Decimal Classification
Koha item type Books
Holdings
Withdrawn status Lost status Damaged status Not for loan Collection Home library Current library Date acquired Coded location qualifier Total checkouts Full call number Barcode Date last seen Copy number Price effective from Koha item type
          Dr. Suryya Kumar Bhuyan Library Dr. Suryya Kumar Bhuyan Library 01/02/2012 00000   320.9 Ut 4 D 43101 13/01/2024 1 01/02/2012 Books

Designed and Maintained by Team SKBL
©1901-2026

Powered by Koha